Carta histórico-médica sobre el cólera morbo de la India importado a Moscou : (Record no. 163614)

MARC details
000 -LEADER
campo de control de longitud fija 01067nam a22002175i 4500
001 - NÚMERO DE CONTROL
campo de control 163614
003 - IDENTIFICADOR DE NÚMERO DE CONTROL
campo de control ES-MaACL
005 - FECHA Y HORA DE LA ÚLTIMA TRANSACCIÓN
campo de control 20250901032930.0
008 - DATOS DE LONGITUD FIJA--INFORMACIÓN GENERAL
campo de control de longitud fija 960722s1831 sp |||| | spa d
080 ## - NÚMERO DE LA CLASIFICACIÓN DECIMAL UNIVERSAL
Número de la Clasificación Decimal Universal 616.932(540)
100 1# - ENTRADA PRINCIPAL--NOMBRE DE PERSONA
Nombre de persona Robert, Louis Joseph Marie,
Fechas asociadas al nombre 1771-1846
9 (RLIN) 131881
245 10 - MENCIÓN DEL TÍTULO
Título Carta histórico-médica sobre el cólera morbo de la India importado a Moscou :
Resto del título y sobre su analogía con el horrible contagio, conocido con el nombre de peste negra, que, salida de la China a mediados del siglo catorce, vino a devastar la Europa por el dilatado tiempo de 17 años /
Mención de responsabilidad, etc. por J.M. Robert.
250 ## - MENCION DE EDICION
Mención de edición 2ª ed., rev. y aum.
Resto de la mención de edición traducida al español y publicada... por Juan Francisco de Bahi.
260 ## - PUBLICACIÓN, DISTRIBUCIÓN, ETC.
Lugar de publicación, distribución, etc. Barcelona :
Nombre del editor, distribuidor, etc. [s.n.],
Fecha de publicación, distribución, etc. 1831 (
Fabricante Imp. de la Viuda e Hijos de Antonio Brusi)
300 ## - DESCRIPCIÓN FÍSICA
Extensión [8], 32 p. ;
Dimensiones 21 cm.
650 #7 - PUNTO DE ACCESO ADICIONAL DE MATERIA--TÉRMINO DE MATERIA
Término de materia o nombre geográfico como elemento de entrada Cólera
Fuente del encabezamiento o término embne
9 (RLIN) 11143
650 #4 - PUNTO DE ACCESO ADICIONAL DE MATERIA--TÉRMINO DE MATERIA
Término de materia o nombre geográfico como elemento de entrada Peste.
9 (RLIN) 136693
700 1# - ENTRADA AGREGADA--NOMBRE PERSONAL
Nombre de persona Bahi, Juan Francisco.
9 (RLIN) 125775
852 4# - LOCALIZACIÓN
Ubicación ES-MaACL
Número de control de estantería T-131-F-6
Nota libre - Enc. hol.
-- - Enc. en un vol. facticio
Holdings
Estatus retirado Estado de pérdida Estado de daño No para préstamo Colección Biblioteca de origen Biblioteca actual Ubicación en estantería Fecha de adquisición Total de préstamos Signatura topográfica completa Código de barras Visto por última vez Precio de reemplazo Tipo de ítem Koha
        Colección de folletos Biblioteca del Ateneo de Madrid Biblioteca del Ateneo de Madrid Depósito folletos 17/01/2008   T-131-F-6 1171455 23/02/2023 23/02/2023 Folleto